Obscure Car Logos Quiz - Statistics

General Stats
  • This quiz has been taken 380 times
  • The average score is 13 of 65
Answer Stats
Picture Answer % Correct
Bugatti
84%
Renault
79%
Skoda
75%
Rolls Royce
72%
Peugeot
71%
Citroen
69%
TVR
63%
Koenigsegg
61%
Maybach
56%
Pagani
56%
Saturn
52%
Lancia
41%
Genesis
40%
Rimac
37%
Eagle
25%
W motors
25%
Apollo
23%
Noble
20%
Great Wall
19%
SSC
18%
Ascari
16%
Effa
16%
Mosler
16%
Plymouth
16%
Ultima
16%
Zenvo
15%
Aixam
14%
AMG
14%
Lagonda
12%
Panoz
12%
Trion
11%
Landwind
10%
Lifan
10%
Vector
10%
Arash
9%
Roewe
9%
Cizeta
8%
Denza
8%
JAC
8%
Italdesign
7%
Haima
6%
Hispano Suiza
6%
Hongqi
6%
Luxgen
6%
Arrinera
5%
Force
5%
Reliant
5%
SIN
5%
Trumpchi
5%
Vencer
5%
Zotye
5%
Caparo
4%
Everus
4%
Icona
4%
Trident
4%
Venucia
4%
VLF
4%
Beck
3%
Felino
3%
Hawtai
3%
Hulme
3%
Keating
3%
Zinoro
3%
Piech
2%
Tramintana
2%
No matching quizzes found
Score Distribution
Percent of People with Each Score
Percentile by Number Answered
Your Score History
You have not taken this quiz